000 00677nam a2200241Ia 4500
003 OSt
005 20221005085000.0
006 a|||||r|||| 00| 0
007 ta
008 221004b |||||||| |||| 00| 0 eng d
024 _a18352
037 _bGift, 01/06/2015,
_cTextual
040 _aCRL
_cCRL
_beng
041 _2eng
_aeng
082 _aO111,3M99,MW, J5
100 _aHemingway Ernest
245 0 _aMen without women
260 _aNew York
_bCharles Scribner's Sons USA
_c1955
300 _a232p.
_ccm.
650 _aENGLISH LITERATURE
942 _hO111,3M99,MW, J5
_cTEXL
_2cc
999 _c993417
_d993417